000 00571nam a2200205Ia 4500
003 GCL
008 140319s9999 xx 000 0 eng d
040 _aGCL /
_cGCL
082 0 4 _a003.54
_bP S
100 1 _aPILLAI,S. UNNIKRISHNA
245 1 0 _aSPECTRUM ESTIMATION AND SYSTEM IDENTIFICATION /
_cPILLAI,S. UNNIKRISHNA
700 1 _aSHIM, THEODORE I.
260 _a[S.N] :
_bSPRINGER - VERLAG ،
_c1993
300 _a327 PP
650 0 4 _aSIGNAL PROCESSING
650 0 4 _aMATHEMATICS
650 0 4 _aSYSTEM IDENTIFICATION
650 0 4 _aPOWER SPECTRG
942 _2ddc
_cBK
999 _c24249
_d24249